000 00261nam a22001217a 4500
008 171011b xxu||||| |||| 00| 0 eng d
041 _aeng
080 _a319.9
100 _a49
101 _aPSI
245 _aSATISTIC PSYCHOLOGY
_cRAMEY.M.M
942 _2udc
_cBK
999 _c33231
_d33231